Statistics for Literature by Letter 'K' (Multiple Choice)

Click here to take the quiz!

General Stats

  • This quiz has been taken 8 times
  • The average score is 2 of 5

Answer Stats

QuestionAnswer% Correct
"Yeah, yeah. The jets didn't get him... the bitch did."King Kong
88%
A nobleman engineers the demise of all his rival inheritors.Kind Hearts and Coronets
50%
A seemingly stable sheriff is not so stable.The Killer Inside Me
50%
It is dog eat dog in this nice, little neck of the woods.King Rat
25%
Mike Hammer.Kiss Me Deadly
13%

Score Distribution

Percentile by Number Answered

Percent of People with Each Score

Your Score History

You have not taken this quiz